| 000 | 00493nam a22001817a 4500 | ||
|---|---|---|---|
| 005 | 20251108164158.0 | ||
| 008 | 250721s1999 xx 000 0 ara d | ||
| 082 | 1 | 4 | _a362.29/سعد |
| 100 | 1 | _aالسعد، صالح | |
| 245 | 1 | 0 | _aكيف نحمي أولادنا من المخدرات / |
| 264 | 1 |
_aعمان : _bدار الصفاء، _c1999. |
|
| 300 | _a121ص | ||
| 650 | 1 | 7 | _aالتربية |
| 650 | 1 | 7 | _aالمخدرات |
| 650 | 1 | 7 | _aالعلاج |
| 942 |
_2ddc _cBK |
||
| 999 |
_c5631 _d5631 |
||